| 000 | 01906cam a22005054i 4500 | ||
|---|---|---|---|
| 003 | PE-LiUPU | ||
| 005 | 20250731165510.0 | ||
| 008 | 180130s2017 ck a r 001 0 spa d | ||
| 020 | _a9789587783247 | ||
| 035 | _a(Sirsi) a241117 | ||
| 040 |
_aPE-LiUPU _bspa _cPE-LiUPU _erda |
||
| 049 | _aPRUA | ||
| 082 | 0 | 4 |
_a005.74 _bM96 _220 |
| 100 | 1 |
_aMuñoz Chaparro, Antolín. _eautor. |
|
| 245 | 1 | 0 |
_aOracle 12c PL/SQL : _bcurso práctico de formación / _cAntolín Muñoz Chaparro. |
| 264 | 1 |
_aBogotá : _bAlfaomega, _c2017. |
|
| 300 |
_ax, 447 páginas : _bilustraciones ; _c23 centímetros |
||
| 336 |
_atext _2rdacontent |
||
| 337 |
_aunmediated _2rdamedia |
||
| 338 |
_avolume _2rdacarrier |
||
| 504 | _aÍndice : páginas 439-447. | ||
| 505 | 0 | _aFundamentos del lenguaje PL/SQL -- Estructuras de control -- Control de transacciones -- Creación de tipos -- SQL vs PL/SQL -- Cursores -- Subprogramas -- Paquetes -- Paquetes predeterminados -- Disparadores o triggers -- Tratamiento de errores -- Cursores avanzados -- Objetos -- Entornos de ejecucción PL/SQL -- Certificación de Oracle. | |
| 526 | _aSEG44 | ||
| 526 | _aSEG26 | ||
| 526 | _aP151 | ||
| 526 | _aP150 | ||
| 526 | _aP149 | ||
| 526 | _aP146 | ||
| 526 | _aP145 | ||
| 526 | _aP126 | ||
| 526 | _aP125 | ||
| 526 | _aP92 | ||
| 526 | _aP75 | ||
| 526 | _aP74 | ||
| 526 | _aP27 | ||
| 526 | _aP15 | ||
| 541 | _g001-0042354; | ||
| 650 | 0 | 4 | _aBases de datos relacionales. |
| 650 | 0 | 4 | _aRelational databases. |
| 910 |
_adbm _bncf _cncf _d20180130 |
||
| 942 |
_2ddc _cBOOK |
||
| 994 |
_aC0 _bPEPRU |
||
| 596 | _a1 | ||
| 999 |
_a005.74 M96 _wDEWEY _c26756 _i78273 _d26756 _e2019-9-17 _f2021-11-9 _g4 _lCCODEBUL1 _mBUL _n18 _p28.92 _q7 _r0 _sY _tBOOK _u2018-1-30 _xINGENIERIA _PP27 _0COMPRA _o.STAFF. Colección Ingeniería y Arquitectura |
||
| 980 |
_81 _gALBERTO SANCHEZ Responsable de Automatización |
||